000 00263nam a2200109Ia 4500
008 170627s9999 xx 000 0 und d
100 _aSHARMA - R.C
245 0 _aBUSINESS CORRESPONE AND REP - WRIT
260 _bTMH
260 _c2005
546 _aENGLISH
690 _aTECHNICAL COMUNICATION
999 _c35281
_d35281